000
00317 a2200157 4500
001
192662
020
_a
978-85-10-04412-7-7
040
_c
Magnum
100
_a
Siguemoto, Regina
240
1
0
_a
O torĂ³
_l
por
245
1
0
_a
O torĂ³
300
_a
16
362
0
_a
2008
697
_a
LITERATURA INFANTIL
942
_c
BK
999
_c
192662
_d
192662